00709cam a2200229 i 45000010005000000030008000050050017000130080039000300200017000690350018000860400023001040410011001270820018001382450095001562600043002513000029002945040051003236500023003746500032003977000027004297000023004562832BD-RjUL20211208233627.0131217s1980 nyua b 001 0 eng a0312414285 : a(BD-RjUL)2859 aDLCcDLCdDLCbeng1 aengjpn00a338.0952bIND03aAn Industrial geography of Japan /cedited by Kiyoji Murata ; associate editor, Isamu Ota. aNew York :bSt. Martin's Press,c1980. a205 p. :bill. ;c23 cm. aIncludes bibliographical references and index. 0aIndustrieszJapan. 0aIndustrial locationzJapan.1 aMurata, Kiyoji,d1923-1 aOta, Isamu,d1933-